000 004700000a22001930004500
001 2128
003 CO-MdFUSB
005 20170605174217.0
008 170605b xxu||||| |||| 00| 0 eng d
020 _a958-9443-84-2
040 _cCO-MdBIC
082 0 4 _a863C Q484c
100 1 _aQuiroga, Horacio
245 1 0 _aCuentos de la selva / Horacio Quiroga
260 _aMedellin : Cometa de Papel
300 _a110 p.
650 1 4 _aCuento infantil ingles
942 _cLGB
999 _c49275
_d49275